|
|
|
|
| LEADER |
00813nam a22001937a 4500 |
| 008 |
140526b xxu||||| |||| 00| 0 eng d |
| 999 |
|
|
|c 6780
|d 6780
|
| 020 |
|
|
|a 9788126207985
|
| 082 |
|
|
|a 894.13
|b PUT
|
| 100 |
|
|
|a പുതുക്കുടി, ഗംഗാധരന്
|
| 240 |
|
|
|a Orikkalente gramam
|
| 245 |
|
|
|a ഒരിക്കലെന്റെ ഗ്രാമം /
|c ഗംഗാധരന് പുതുക്കുടി
|
| 250 |
|
|
|a 1st ed.
|
| 260 |
|
|
|a തിരുവനന്തപുരം :
|b ചിന്ത പബ്ലിഷേഴ്സ്,
|c 2012.
|
| 300 |
|
|
|a 136p.
|
| 650 |
|
|
|a Novel
|
| 700 |
|
|
|a Puthukkudi, Gangadharan
|
| 942 |
|
|
|2 ddc
|c BK
|
| 952 |
|
|
|0 0
|1 0
|2 ddc
|4 0
|6 894_130000000000000_PUT
|7 0
|9 9706
|a MAIN
|b MAIN
|d 2014-05-26
|e Deshabhimani
|g 90.00
|o 894.13 PUT
|p 9891
|r 2014-05-26
|w 2014-05-26
|y BK
|